El arte de emprender (Registro nro. 184722)

Detalles MARC
000 -ENCABEZADO
Número de control [NR] 00775 a2200217 4500
005 - FECHA Y HORA DE LA ÚLTIMA TRANSACCIÓN
control field 20140903175030.0
008 - DE LONGITUD FIJA DE DATOS DE ELEMENTOS - INFORMACIÓN GENERAL
Elementos de longitud fija [NR] 140128s2013 pe o frn 001 0dspa d
040 ## - FUENTE DE CATALOGACION [NR]
Agencia de catalogación original [NR] CO-BoUCM
Idioma de catalogación [NR] spa
Quien Cataloga
Quien Clasifica
041 ## - CODIGO DE IDIOMA [R]
Código de idioma para texto/pista de sonido o título separado [R] Español
100 1# - ASIENTO PRINCIPAL--NOMBRE PERSONAL [NR]
Nombre personal [NR] Canseco Terry, Raúl Diez
ID Autoridad 54442
245 13 - MENCION DE TITULO [NR]
Título [NR] El arte de emprender
Mención de responsabilidad, etc. [NR] Raúl Diez Canseco Terry
260 ## - PUBLICACION, DISTRIBUCION, ETC. (PIE DE IMPRENTA) [R]
Fecha de publicación, distribución, etc. [R] 2013
Lugar de publicación, distribución, etc. [R] Lima
Nombre del editor, distribuidor, etc. [R] Universidad San Ignacio de Loyola
300 ## - DESCRIPCION FISICA [R]
Extensión [R] 257 páginas
Otros detalles físicos [NR] fotografías
500 ## - NOTA GENERAL [R]
Nota general [NR] Incluye índice
650 #4 - ASIENTO SECUNDARIO DE MATERIA - TERMINO TEMATICO [R]
9 (RLIN) 14098
Término temático o nombre geográfico como elemento de entrada [NR] Emprendimiento empresarial
650 #7 - ASIENTO SECUNDARIO DE MATERIA - TERMINO TEMATICO [R]
9 (RLIN) 435
Término temático o nombre geográfico como elemento de entrada [NR] Administración de empresas
650 #7 - ASIENTO SECUNDARIO DE MATERIA - TERMINO TEMATICO [R]
9 (RLIN) 9275
Término temático o nombre geográfico como elemento de entrada [NR] Aptitud creadora en los negocios
690 ## - ASUNTO AGREGADO LOCAL DE ENTRADA - TÉRMINO TEMÁTICO (OCLC, RLIN)
9 (RLIN) 42736
Acceso temático local Administración de empresas
942 ## - ELEMENTOS DE ENTRADA AGREGADOS (KOHA)
Tipo de ítem principal el descrito en 300a Libro
Tema principal Administración
Edición 1
Parte restante de la signatura top. C228
Sistema de clasificación DEWEY
Clasificación 658.421
Existencias
Fecha de último préstamo Total préstamos Signatura topográfica Código de barras Última vez visto Ejemplar Costo de reposición Price effective from Tipo de ítem Perdido Sistema de clasificación Dañado No prestable Tipo de ítem específico Suprimido Ubicación habitual Ubicación actual Localización Fecha de creación Proveedor Forma de adquisición Costo
14/05/2024 6 658.421 C228 100138779 04/12/2025 Ej.1 26000.00 13/12/2013 Libro   DEWEY     Libro   Claustro Claustro 4to piso 13/12/2013 12 Donación 0.00